banner-ar

خوارزميات الأتمتة الذكية والنظم الخبيرة فى التعليم = (Record no. 67662)

MARC details
000 -الفاتح
حقل البيانات ثابتة الطول 01036nam a2200253Ia 4500
005 - وقت وتاريخ اخر تعامل مع التسجيلة
رقم الضبط 20250622124036.0
008 - عناصر البيانات ثابتة الطول - معلومات عامة
حقل البيانات ثابتة الطول 250617s9999||||xx |||||||||||||| ||ara||
017 ## - رقم الايداع القانونى
رقم الايداع القانونى 2024/20746
المصدر ( الهيئة المختصة) مصر. دار الكتب
020 ## - الرقم الدولى المعيارى للكتب
الرقم الدولى المعيارى للكتاب 9789778995398
082 04 - رقم تصنيف ديوى العشرى
رقم التصنيف "371,334"
رقم المادة م خ
100 0# - المدخل الرئيسى - إسم شخصى
الإسم الشخصى محمود الجمل
245 10 - بيان العنوان
العنوان خوارزميات الأتمتة الذكية والنظم الخبيرة فى التعليم =
بيان المسئوليه,etc محمود الجمل
246 ## - العنوان الموازى
عنوان صحيح/عنوان مختصر Algorithms of Intelligent Automation and Expert Systems in Education /
250 ## - بيان الطبعة
بيان الطبعة ط1
260 3# - PUBLICATION, DISTRIBUTION, ETC. (IMPRINT)
تاريخ النشر أو التوزيع 2025.
300 ## - الوصف المادى
التعداد 240ص ؛
تفاصيل ماديه اخرى للوعاء
أبعاد الوعاء 24سم.
650 ## - المدخل الاضافى بالموضوع-مصطلح موضوعى
مصطلح موضوعي التخطيط التربوى
650 ## - المدخل الاضافى بالموضوع-مصطلح موضوعى
مصطلح موضوعي التعليم
التقسيم الفرعي العام أغراضه وأهدافه
650 ## - المدخل الاضافى بالموضوع-مصطلح موضوعى
مصطلح موضوعي التعليم
التقسيم الفرعي العام خدمات المعلومات
650 ## - المدخل الاضافى بالموضوع-مصطلح موضوعى
مصطلح موضوعي التعليم
التقسيم الفرعي العام وسائل سمعية وبصرية
650 ## - المدخل الاضافى بالموضوع-مصطلح موضوعى
مصطلح موضوعي المناهج
التقسيم الفرعي العام تخطيط
942 ## - عناصر المدخل الإضافي( كوها)
Koha [default] item type كتاب
260 3# - PUBLICATION, DISTRIBUTION, ETC. (IMPRINT)
-- القاهرة :
-- "المركز الأكاديمى العربى للنشر والتوزيع،"
Holdings
حالة التراجع حالة الفقد حالة تلف ليس للاعارة المكان المؤقت الموقع الحالى موقع الترفيف تاريخ الاكتساب اجمالي اﻻعارات تاريخ اخر مشاهدة تاريخ تفعيل السعر نوع وعاء كوها
        مكتبة القاهرة الكبرى مكتبة القاهرة الكبرى القاعة الرئيسية 06/22/2025   06/22/2025 06/22/2025 كتاب

Powered By

EGPV